01340nam a22002537a 4500003000400000005001700004008004100021020001800062040001200080050002000092100001900112245015200131260002800283300002500311500001900336505047200355650004200827650004700869650003100916653004000947653004500987653003201032700002201064OSt20230629114734.0150210b xxu||||| |||| 00| 0 eng d a9789988046910 cWIUC-GH aJS7655.3.A3.A28 qAhwoi, Kwamena aDecentralisation reforms in Ghana: the experiences of the fifth and sixth governments of the fourth republic. /cKwamena Ahwoi and Callistus Mahama aAccra :bWinmat,c2018. axvii, 188 p.:bill.; aIncludes index aContents: Decentralisation reforms -- NDPF 1/NDAP1: thematic content and implementation -- Implementing the NDPF 1/NDAP1: political decentralisation and legal reforms -- Administrative decentralisation -- Decentralised development planning -- Spatial planning -- Fiscal decentralisation -- The role of development partners and sector-wide approach -- NDFP 2/NDAP 2 (2015-2019) -- The seventh government of the fourth republic: quo vadis decentralisation reforms? C a Ghana -- Politics and government.  aDecentralization in government -- Ghana.  aLocal government -- Ghana. a Ghana -- Politics and government.  aDecentralization in government -- Ghana. a Local government -- Ghana. aMahama, Callistus